000 01119nam a2200337 a 4500
001 000021886
005 20200930011505.0
008 090709s1997 es a 000 0 spa d
020 _a8474323398
040 _aDO-SdBNP
_bspa
_cBNPHU
082 _a362.292
_bF198a
240 1 0 _aThe alcoholic family.
_f1987
_linglés
245 0 3 _aLa familia alcohólica /
_cPeter Steinglass ... [et al.] ; traducción Floreal Mazía.
250 _a3a ed.
260 _aBarcelona :
_bEditorial Gedisa,
_c1997.
300 _a349 p. :
_bil. ;
_c23 cm.
490 1 _aterapia familiar
500 _aIncluye índice onomástico
500 _aIncluye notas al pie de páginas
504 _aIncluye bibliografía p. 333 - 339
650 4 _aAlcohólicos
_xRelaciones familiares
_945430
650 4 _aAlcohólicos
_zEstados Unidos
_945431
650 4 _aAlcolismo
_xTratamiento
_945432
700 1 _aSteinglass, Peter.
_945433
700 1 _a. Mazía, Floreal, tr.
_etr
_945434
700 1 _aBennett, L. A
_945435
700 1 _aWolin, S. J.
_945436
700 1 _aReiss, D.
_945437
830 0 _aterapia familiar
_911032
049 _aBNPD
999 _c21384
_d21384